Tree book : Learning to recognize trees of British Columbia

Bibliographic Details
Main Author: COWARD
Other Authors: British Columbia , Ministry of Forests, Canada , Forestry Canada
Format: Book
Published: Victoria, B. C>, Canada : Forest Service Informatiom Division , 1977
Subjects:

MARC

LEADER 00000cam a2200000 7i4500
001 0000001232
005 20140315.0
020 0 0 |a 0662193911 
090 0 0 |a 582.1609711   |b CAW 1992 
100 0 1 |a COWARD   |h Garth 
245 0 0 |a Tree book :   |b Learning to recognize trees of British Columbia   |c Garth Coward 
260 0 0 |a Victoria, B. C>, Canada :   |b Forest Service Informatiom Division ,   |c 1977 
300 |a 98 p. :   |b col. ill. ;   |c 18x11 cm. 
500 0 0 |a Bibliography : [p. 99] 
650 0 0 |a Trees   |z British Columbia   |x Identification 
700 0 1 |a British Columbia ,   |c Ministry of Forests 
700 0 1 |a Canada ,   |c Forestry Canada 
998 |a JPSM 
999 |a 0000002450   |b Monograph   |c Open Shelf   |e Default branch 
999 |a 0000002451   |b Monograph   |c Reference   |e Default branch